[Event "Mittelfranken-chTB2a 1112"]
[Site "Germany"]
[Date "2012.02.26"]
[Round "7.6"]
[White "Lutz, Wolfgang"]
[Black "Seeberger, Christian"]
[Result "1-0"]
[WhiteElo "1777"]
[BlackElo "1568"]
[PlyCount "85"]
[EventDate "2011.09.25"]
[EventType "team-tourn"]
[EventRounds "9"]
[EventCountry "GER"]
[SourceTitle "EXT 2018"]
[Source "ChessBase"]
[SourceDate "2017.10.13"]
[SourceVersion "1"]
[SourceVersionDate "2017.10.13"]
[SourceQuality "1"]
[WhiteTeam "Nuernberg Sued SW III"]
[BlackTeam "Grossenseebach"]
[WhiteTeamCountry "GER"]
[BlackTeamCountry "GER"]

1. e4 c5 2. f4 d6 3. Nf3 Nc6 4. Bc4 g6 5. 0-0 Bg7 6. Nc3 a6 7. Kh1 e6 8. a4 Nge7 9. d3 0-0 10. Bb3 b6 11. Be3 Bb7 12. Bf2 Rc8 13. Ng5 Qd7 14. Qg4 Nd8 15. Qh3 h6 16. Nf3 Ndc6 17. Ne2 Bxb2 18. Qxh6 Bg7 19. Qh3 Bf6 20. Rad1 Kg7 21. Qg3 Rh8 22. e5 dxe5 23. fxe5 Nxe5 24. Nxe5 Qc7 25. Ng4 Nf5 26. Qxc7 Rxc7 27. Nxf6 Kxf6 28. Ng3 Rcc8 29. Nxf5 gxf5 30. d4 c4 31. Ba2 Rcg8 32. d5 Bxd5 33. Rxd5 exd5 34. Bd4+ Ke6 35. Bxh8 Rxh8 36. c3 Rh6 37. g3 Rf6 38. Kg2 Kd6 39. Bb1 f4 40. Rxf4 Rxf4 41. gxf4 d4 42. cxd4 Kd5 43. h4 1-0